Housing land (Record no. 108277)

MARC details
000 -LEADER
fixed length control field 00758cas a22002175a 4500
001 - CONTROL NUMBER
control field E143829
008 - FIXED-LENGTH DATA ELEMENTS--GENERAL INFORMATION
fixed length control field 010928s2003 stk 000 0 eng u
020 ## - INTERNATIONAL STANDARD BOOK NUMBER
International Standard Book Number 0755923243
035 ## - SYSTEM CONTROL NUMBER
System control number (Sirsi) u143829
041 ## - LANGUAGE CODE
Language code of text/sound track or separate title eng
050 04 - LIBRARY OF CONGRESS CALL NUMBER
Classification number 711.1
110 2# - MAIN ENTRY--CORPORATE NAME
Corporate name or jurisdiction name as entry element Scottish Executive Development Department
9 (RLIN) 3786
245 00 - TITLE STATEMENT
Title Housing land
Remainder of title planning advice note PAN 38 (revised 2003)
Medium [electronic resource]
260 ## - PUBLICATION, DISTRIBUTION, ETC.
Place of publication, distribution, etc. Edinburgh
Name of publisher, distributor, etc. Scottish Executive
Date of publication, distribution, etc. 2003
300 ## - PHYSICAL DESCRIPTION
Extent 16p.
Dimensions 30cm.
490 ## - SERIES STATEMENT
Series statement Planning Advice Note
Volume/sequential designation PAN 38
651 #4 - SUBJECT ADDED ENTRY--GEOGRAPHIC NAME
Geographic name Scotland
Chronological subdivision 1999-
690 ## - LOCAL SUBJECT ADDED ENTRY--TOPICAL TERM (OCLC, RLIN)
Topical term or geographic name as entry element Residential property
9 (RLIN) 6266
856 48 - ELECTRONIC LOCATION AND ACCESS
Uniform Resource Identifier <a href="https://www.scotland.gov.uk/Publications/2003/02/16500/18896">https://www.scotland.gov.uk/Publications/2003/02/16500/18896</a>
Public note View the planning advice note free of charge at www.scotland.org.uk...
942 ## - ADDED ENTRY ELEMENTS (KOHA)
Suppress in OPAC 0
Holdings
Withdrawn status Lost status Source of classification or shelving scheme Damaged status Not for loan Home library Current library Shelving location Date acquired Total Checkouts Full call number Barcode Date last seen Copy number Price effective from Koha item type
    Dewey Decimal Classification     Virtual Virtual Online 03/06/2008   ONLINE PUBLICATION 143829-2001 06/08/2019 1 06/08/2019 Book